| 000 | 01229nam a2200325 a 4500 | ||
|---|---|---|---|
| 001 | 000109336 | ||
| 003 | CHAP | ||
| 005 | 20220329144047.0 | ||
| 008 | 140422s2013 mx sm |||||||spa d | ||
| 010 | _a105798 | ||
| 011 | _a106770 | ||
| 040 | _cCHAP | ||
| 090 | _aTesis | ||
| 100 | 1 |
_aHernández González, Juan Pablo _9126498 |
|
| 245 | 1 | 0 |
_aGeneración y agrupación de precipitaciones máximas para fines de drenaje superficial , Estado de Tabasco _h[En línea] _cpor Juan Pablo Hernández González y José Erivan Ochoa Morales. |
| 260 |
_aChapingo, Méx. : _bEl autor, _c2013. |
||
| 500 | _aPara ver el contenido del material haga clic en la liga | ||
| 502 | _aTesis (Ing. Agr. Esp. en Irrigación) -- UACH. Departamento de Irrigación | ||
| 590 |
_aBATCH-UPD _b05 _c20141002 _lUCH01 _h0901 |
||
| 590 |
_aE5765TAJ _b05 _c20140422 _lUCH01 _h0859 |
||
| 590 |
_aE5765TAJ _b05 _c20140422 _lUCH01 _h0900 |
||
| 650 | 1 | 4 |
_aDrenaje agrícola. _934221 |
| 650 | 1 | 4 |
_aLluvia. _967312 |
| 650 | 1 | 4 |
_aPrecipitación (Meteorología) _xTabasco. _991356 |
| 700 | 1 |
_aOchoa Morales, José Erivan _9126499 |
|
| 856 |
_aFinding aid _uhttp://10.13.5.2/tesis/sist109336.pdf _zTeclea aquí |
||
| 901 | _aBK | ||
| 942 | _cTESIS | ||
| 942 | _n0 | ||
| 999 |
_c105798 _d105798 |
||